[Event "TUN-ch sf"]
[Site "Monastir"]
[Date "2024.03.25"]
[Round "8"]
[White "Ben Salah, Ghassen"]
[Black "Gharsallah, Seif"]
[Result "0-1"]
[WhiteElo "1921"]
[BlackElo "1510"]
[PlyCount "40"]
[EventDate "2024.03.21"]
[EventType "swiss"]
[EventRounds "9"]
[EventCountry "TUN"]
[SourceTitle "CB15_2024"]
[SourceDate "2024.04.10"]
[SourceVersion "1"]
[SourceVersionDate "2024.04.10"]
[SourceQuality "1"]

1. e4 c5 2. Nf3 d6 3. d4 cxd4 4. Nxd4 Nf6 5. Nc3 a6 6. Bg5 Nbd7 7. Qd2 b5 8. f3 g6 9. 0-0-0 Bg7 10. Kb1 Qc7 11. g4 Bb7 12. h4 h6 13. Be3 Rc8 14. h5 b4 15. Nce2 g5 16. Nf5 Bf8 17. Bd4 e5 18. Be3 Nxe4 19. Qxb4 Qxc2+ 20. Ka1 Qxd1+ 0-1

[Event "TUN-ch sf"]
[Site "Monastir"]
[Date "2024.03.24"]
[Round "6"]
[White "Farhat, Mohamed Tawfik"]
[Black "Ben Salah, Ghassen"]
[Result "1-0"]
[WhiteElo "1933"]
[BlackElo "1921"]
[PlyCount "73"]
[EventDate "2024.03.21"]
[EventType "swiss"]
[EventRounds "9"]
[EventCountry "TUN"]
[SourceTitle "CB15_2024"]
[SourceDate "2024.04.10"]
[SourceVersion "1"]
[SourceVersionDate "2024.04.10"]
[SourceQuality "1"]

1. e4 c5 2. Nf3 d6 3. Bb5+ Nd7 4. a3 g6 5. 0-0 Ngf6 6. Re1 Bg7 7. c3 a6 8. Ba4 b5 9. Bc2 0-0 10. d4 Qc7 11. Nbd2 Bb7 12. Nf1 Rac8 13. d5 Nh5 14. Bg5 Rfe8 15. Qd2 Ne5 16. Nxe5 Bxe5 17. Ng3 Nxg3 18. hxg3 b4 19. Ba4 bxc3 20. bxc3 Rf8 21. Rab1 f5 22. Bh6 Bg7 23. Bxg7 Kxg7 24. c4 Rb8 25. exf5 Rxf5 26. Rb3 Rbf8 27. Qb2+ Kg8 28. Rxb7 Rxf2 29. Rxc7 Rxb2 30. Rexe7 Rff2 31. Re8+ Rf8 32. Rxf8+ Kxf8 33. Ra7 Ra2 34. Rxa6 Rxa3 35. Bb5 Rxg3 36. Rxd6 h5 37. Kf2 1-0

[Event "TUN-ch sf"]
[Site "Monastir"]
[Date "2024.03.23"]
[Round "5"]
[White "Ben Salah, Ghassen"]
[Black "Mejri, Moncef"]
[Result "1/2-1/2"]
[WhiteElo "1921"]
[BlackElo "1683"]
[PlyCount "155"]
[EventDate "2024.03.21"]
[EventType "swiss"]
[EventRounds "9"]
[EventCountry "TUN"]
[SourceTitle "CB15_2024"]
[SourceDate "2024.04.10"]
[SourceVersion "1"]
[SourceVersionDate "2024.04.10"]
[SourceQuality "1"]

1. e4 c5 2. Nf3 g6 3. d4 cxd4 4. Nxd4 Bg7 5. c4 Nc6 6. Be3 d6 7. Nc3 Nf6 8. Be2 0-0 9. h3 Bd7 10. 0-0 Rc8 11. b3 a5 12. Qd2 Nxd4 13. Bxd4 Bc6 14. Bf3 Nd7 15. Bg4 Bxd4 16. Qxd4 Rc7 17. f4 Nf6 18. Bf3 Nd7 19. Rad1 Rc8 20. e5 dxe5 21. fxe5 Bxf3 22. Rxf3 Qb6 23. Qxb6 Nxb6 24. Nd5 Nxd5 25. Rxd5 b6 26. Rb5 Rc6 27. Rd3 Rb8 28. Rd7 Kf8 29. Ra7 Rd8 30. Rb7 Rd1+ 31. Kh2 Re1 32. Rb8+ Kg7 33. R8xb6 Rxb6 34. Rxb6 Rxe5 35. Rb5 Kf6 36. c5 a4 37. Rb6+ e6 38. c6 Re2 39. b4 Rxa2 40. b5 Rc2 41. Ra6 Rc4 42. Rxa4 Rxa4 43. c7 Rc4 44. b6 Ke7 45. b7 Rxc7 46. b8Q Rd7 47. Qb4+ Ke8 48. Qc3 h5 49. Kg3 Ke7 50. Qc6 Rd5 51. Kf4 Kf6 52. Qc3+ Ke7 53. g4 hxg4 54. hxg4 g5+ 55. Ke4 f6 56. Qc8 Re5+ 57. Kf3 Rd5 58. Qh8 e5 59. Qg7+ Ke6 60. Qg8+ Kd6 61. Ke4 Rd4+ 62. Kf5 Rf4+ 63. Kg6 e4 64. Kf7 Ke5 65. Qb8+ Kd4 66. Qb2+ Ke3 67. Qg2 Rf3 68. Ke6 Kd3 69. Kd5 Ke3 70. Qb2 Rf4 71. Qg2 Rf3 72. Qg1+ Kf4 73. Ke6 Rg3 74. Qc1+ e3 75. Kxf6 Kxg4 76. Qc8+ Kf3 77. Qf5+ Kg2 78. Qc2+ 1/2-1/2

[Event "TUN-ch sf"]
[Site "Monastir"]
[Date "2024.03.22"]
[Round "2"]
[White "Haj Hassen, Mohamed Yassin"]
[Black "Ben Salah, Ghassen"]
[Result "0-1"]
[WhiteElo "1468"]
[BlackElo "1921"]
[PlyCount "64"]
[EventDate "2024.03.21"]
[EventType "swiss"]
[EventRounds "9"]
[EventCountry "TUN"]
[SourceTitle "CB15_2024"]
[SourceDate "2024.04.10"]
[SourceVersion "1"]
[SourceVersionDate "2024.04.10"]
[SourceQuality "1"]

1. e4 c5 2. d4 cxd4 3. Qxd4 Nc6 4. Qd1 Nf6 5. Nc3 e6 6. Bc4 Bb4 7. a3 Bxc3+ 8. bxc3 Nxe4 9. Qf3 Qa5 10. Ne2 d5 11. Bb3 0-0 12. 0-0 Ne5 13. Qe3 Qc5 14. f3 Qxe3+ 15. Bxe3 Nd6 16. Bf4 Nec4 17. Bxc4 Nxc4 18. Rfd1 Bd7 19. Rd4 Ba4 20. Ra2 e5 21. Bxe5 Rfe8 22. f4 f6 23. Bxf6 Rxe2 24. Rxd5 gxf6 25. Rd4 Nb6 26. Rb4 Bc6 27. a4 Rd8 28. Rd4 Rxg2+ 29. Kf1 Rxd4 30. cxd4 Nc4 31. Ke1 Bf3 32. d5 Ne3 0-1

[Event "Ariana Les Roses op"]
[Site "Ariana"]
[Date "2019.05.17"]
[Round "8"]
[White "Ben Salah, Ghassen"]
[Black "Barhoumi, Med Anis"]
[Result "1-0"]
[WhiteElo "1856"]
[BlackElo "2010"]
[PlyCount "99"]
[EventDate "2019.05.10"]
[EventType "swiss"]
[EventRounds "9"]
[EventCountry "TUN"]
[SourceTitle "EXT 2020"]
[Source "ChessBase"]
[SourceDate "2019.10.17"]
[SourceVersion "1"]
[SourceVersionDate "2019.10.17"]
[SourceQuality "1"]

1. e4 c5 2. Nf3 d6 3. d4 cxd4 4. Nxd4 Nf6 5. Nc3 a6 6. Be2 e5 7. Nb3 Be7 8. Be3 Be6 9. 0-0 Nbd7 10. a4 0-0 11. f4 exf4 12. Bxf4 Ne5 13. Bxe5 dxe5 14. Qxd8 Rfxd8 15. Rad1 Bb4 16. Bd3 Rd7 17. Na2 Be7 18. Nc3 Rad8 19. Be2 Bb4 20. Na2 Bxb3 21. Nxb4 Bxa4 22. b3 Rxd1 23. Rxd1 Rxd1+ 24. Bxd1 Be8 25. Bf3 Kf8 26. Nd3 Nd7 27. Bg4 f6 28. Bxd7 Bxd7 29. Kf2 Ke7 30. Ke3 Kd6 31. c4 a5 32. g3 b5 33. cxb5 Bxb5 34. Nb2 Kc5 35. Nd3+ Bxd3 36. Kxd3 Kb4 37. Kc2 f5 38. exf5 e4 39. g4 e3 40. g5 e2 41. Kd2 Kxb3 42. f6 gxf6 43. gxf6 a4 44. f7 a3 45. f8Q Kb2 46. Qf6+ Kb1 47. Qb6+ Ka1 48. Kxe2 h5 49. Kd2 h4 50. Kc2 1-0

[Event "Ariana Les Roses op"]
[Site "Ariana"]
[Date "2019.05.15"]
[Round "6"]
[White "Ben Salah, Ghassen"]
[Black "Boulaares, Akram"]
[Result "1-0"]
[WhiteElo "1856"]
[BlackElo "1467"]
[PlyCount "70"]
[EventDate "2019.05.10"]
[EventType "swiss"]
[EventRounds "9"]
[EventCountry "TUN"]
[SourceTitle "EXT 2020"]
[Source "ChessBase"]
[SourceDate "2019.10.17"]
[SourceVersion "1"]
[SourceVersionDate "2019.10.17"]
[SourceQuality "1"]

1. e4 c5 2. Nf3 Nc6 3. d4 cxd4 4. Nxd4 e5 5. Nb5 d6 6. N1c3 Nf6 7. Bg5 a6 8. Na3 b5 9. Nd5 Be7 10. Bxf6 Bxf6 11. c3 0-0 12. Bd3 Be6 13. Nc2 Bg5 14. Nce3 Bxe3 15. Nxe3 g6 16. a4 bxa4 17. Rxa4 a5 18. Bc4 Qc7 19. 0-0 Rab8 20. b3 Nd8 21. Nd5 Bxd5 22. Qxd5 Nb7 23. Rb1 Qc5 24. b4 Qxd5 25. Bxd5 axb4 26. Raxb4 Rbc8 27. Rxb7 Rxc3 28. h3 Kg7 29. Rd7 Rfc8 30. Rxf7+ Kh6 31. Rbb7 Rc1+ 32. Kh2 R8c2 33. h4 Kh5 34. Rxh7+ Kg4 35. Rbf7 Rc7 1-0

[Event "Ariana Les Roses op"]
[Site "Ariana"]
[Date "2019.05.14"]
[Round "5"]
[White "Bousnina, Mourad"]
[Black "Ben Salah, Ghassen"]
[Result "1/2-1/2"]
[WhiteElo "1840"]
[BlackElo "1856"]
[PlyCount "46"]
[EventDate "2019.05.10"]
[EventType "swiss"]
[EventRounds "9"]
[EventCountry "TUN"]
[SourceTitle "EXT 2020"]
[Source "ChessBase"]
[SourceDate "2019.10.17"]
[SourceVersion "1"]
[SourceVersionDate "2019.10.17"]
[SourceQuality "1"]

1. e4 c5 2. Nf3 d6 3. d4 cxd4 4. Nxd4 Nf6 5. Nc3 Nc6 6. Be2 e6 7. 0-0 Be7 8. Be3 a6 9. Qd2 0-0 10. f3 Qc7 11. Rfd1 Nxd4 12. Bxd4 Rd8 13. Qe3 Nd7 14. Qf2 b5 15. a3 Bb7 16. Rd2 Bf6 17. Bxf6 Nxf6 18. Rad1 d5 19. exd5 Nxd5 20. Nxd5 Rxd5 21. c3 Rad8 22. Rxd5 Rxd5 23. Rxd5 Bxd5 1/2-1/2

[Event "Ariana Les Roses op"]
[Site "Ariana"]
[Date "2019.05.13"]
[Round "4"]
[White "Ben Brahem, Aymen"]
[Black "Ben Salah, Ghassen"]
[Result "1-0"]
[WhiteElo "1925"]
[BlackElo "1856"]
[PlyCount "55"]
[EventDate "2019.05.10"]
[EventType "swiss"]
[EventRounds "9"]
[EventCountry "TUN"]
[SourceTitle "EXT 2020"]
[Source "ChessBase"]
[SourceDate "2019.10.17"]
[SourceVersion "1"]
[SourceVersionDate "2019.10.17"]
[SourceQuality "1"]

1. e4 c5 2. Nf3 d6 3. d4 cxd4 4. Qxd4 Nc6 5. Bb5 Bd7 6. Bxc6 Bxc6 7. Nc3 Nf6 8. Bg5 e6 9. 0-0-0 Be7 10. Qd3 0-0 11. Nd4 Rc8 12. f4 a6 13. f5 Ng4 14. Bxe7 Qxe7 15. Rd2 Ne5 16. Qg3 b5 17. Rf2 Kh8 18. Rhf1 b4 19. Nd5 exd5 20. f6 gxf6 21. Nf5 Rg8 22. Qxg8+ Rxg8 23. Nxe7 Rg5 24. Nxc6 Nxc6 25. exd5 Rxd5 26. Rd1 Rxd1+ 27. Kxd1 Kg7 28. Rd2 1-0

[Event "Sousse Sahel op"]
[Site "Sousse"]
[Date "2019.04.22"]
[Round "6"]
[White "Ben Ghanem, Hamed"]
[Black "Ben Salah, Ghassen"]
[Result "1-0"]
[WhiteElo "2010"]
[BlackElo "1829"]
[PlyCount "145"]
[EventDate "2019.04.19"]
[EventType "swiss"]
[EventRounds "9"]
[EventCountry "TUN"]
[SourceTitle "CBM 190 Extra"]
[Source "ChessBase"]
[SourceDate "2019.07.15"]
[SourceVersion "1"]
[SourceVersionDate "2019.07.15"]
[SourceQuality "1"]

1. d4 d5 2. Bf4 Nf6 3. Nf3 Bf5 4. e3 e6 5. Nbd2 Bd6 6. Bg3 c5 7. c3 Nc6 8. Bb5 0-0 9. Bxc6 bxc6 10. Qa4 cxd4 11. Nxd4 c5 12. Nxf5 exf5 13. Bh4 Re8 14. 0-0 Bf8 15. Rfd1 Qb6 16. Rab1 Ne4 17. Qc2 Be7 18. Bxe7 Rxe7 19. Nxe4 dxe4 20. Rd5 g6 21. Rbd1 Rb8 22. b3 Rbe8 23. c4 Re5 24. Rd6 Qa5 25. h4 R5e6 26. Rd7 R6e7 27. R7d2 Qc7 28. g3 Rc8 29. Kg2 h6 30. Rd5 Re5 31. Rd7 Qa5 32. Qb2 Rce8 33. a3 R5e7 34. R7d5 Qb6 35. b4 cxb4 36. axb4 Rc7 37. Rd8 Rc8 38. R8d6 Qb7 39. Rd7 Rc7 40. R7d4 Qb6 41. Qc3 Qf6 42. Qa1 Kg7 43. Qa5 Rec8 44. c5 g5 45. Rd6 Qe7 46. Qa1+ Kh7 47. hxg5 Qxg5 48. Rh1 h5 49. Qd1 Qg4 50. Rxh5+ Kg8 51. Rd8+ Kg7 52. Qxg4+ fxg4 53. Rxc8 Rxc8 54. Re5 Kg6 55. Rxe4 f5 56. Re6+ Kg5 57. Ra6 Rc7 58. Kf1 Rb7 59. c6 Rxb4 60. c7 Rc4 61. Rxa7 Rc2 62. Ke1 Kf6 63. Kd1 Rc6 64. Ra6 Rxa6 65. c8Q Re6 66. Qd8+ Kf7 67. Kc2 Rc6+ 68. Kd3 Ke6 69. Qe8+ Kd6 70. Kd4 Rc7 71. Qe5+ Kc6 72. Qxf5 Rd7+ 73. Qxd7+ 1-0